Ordinary differential equations : analytical methods and applications / Victor Hener, Alexander Nepomnyashchy, Tatyana Belozerova, Mikhail Khenner. (Record no. 22349)

000 -LEADER
fixed length control field 01580nam a22001817a 4500
020 ## - INTERNATIONAL STANDARD BOOK NUMBER
ISBN 9783031251306
082 ## - DEWEY DECIMAL CLASSIFICATION NUMBER
Classification number 515.35
Item number H515o 2023
100 ## - MAIN ENTRY--AUTHOR NAME
Personal name Hener, Victor, author.
245 ## - TITLE STATEMENT
Title Ordinary differential equations : analytical methods and applications / Victor Hener, Alexander Nepomnyashchy, Tatyana Belozerova, Mikhail Khenner.
260 ## - PUBLICATION, DISTRIBUTION, ETC. (IMPRINT)
Place of publication Switzerland :
Name of publisher Springer Nature,
Year of publication c2023.
300 ## - PHYSICAL DESCRIPTION
Number of Pages 1 online resource, v, 606 pages :
Other physical details illustrations.
500 ## - GENERAL NOTE
General note Includes bibliographical notes and index.
520 ## - SUMMARY, ETC.
Summary, etc The textbook presents a rather unique combination of topics in ODEs, examples and presentation style. The primary intended audience is undergraduate (2nd, 3rd, or 4th year) students in engineering and science (physics, biology, economics). The needed pre-requisite is a mastery of single-variable calculus. A wealth of included topics allows using the textbook in up to three sequential, one-semester ODE courses. Presentation emphasizes the development of practical solution skills by including a very large number of in-text examples and end-of-section exercises. All in-text examples, be they of a mathematical nature or a real-world examples, are fully solved, and the solution logic and flow are explained. Even advanced topics are presented in the same undergraduate-friendly style as the rest of the textbook. Completely optional interactive laboratory-type software is included with the textbook.
700 ## - ADDED ENTRY--PERSONAL NAME
Personal name Alexander Nepomnyashch, author.
700 ## - ADDED ENTRY--PERSONAL NAME
Personal name Tatyana Belozerova, author.
700 ## - ADDED ENTRY--PERSONAL NAME
Personal name Mikhail Khenner, author.
942 ## - ADDED ENTRY ELEMENTS (KOHA)
Koha item type Electronic Books
Holdings
Source of acquisition Permanent Location Date acquired Collection code Koha item type Lost status Shelving location Withdrawn status Current Location Full call number
Donation Cagayan State University - Carig Library2026-04-15E-BooksElectronic Books E-Resource Section Cagayan State University - Carig Library515.35 H515o 2023

Cagayan State University University Library, Carig Campus
Tuguegarao City, Cagayan 3500 | www.csucarig.edu.ph

Powered by Koha